000 00899nam a2200277 i 4500
003 DO-SdBNP
005 20240624092413.0
007 ta
008 240624b1991 sp ||||| |||| 00| 0 spa d
020 _a8427242417
040 _aDO-SdBNP
_bspa
_cBNPHU
_erda
082 4 _bV531
_222
100 1 _aVerne, Julio,
_d1828-1905
_91073
_eautor
245 1 3 _aLa isla misteriosa /
_cJulio Verne : traducción, Joaquín Gallardo
264 1 _aBarcelona :
_bMolino,
_c1991.
300 _a447 páginas ;
_c21 cm.
336 _2rdacontent
_atexto
_btxt
337 _2rdamedia
_asin mediación
_bn
338 _2rdacarrier
_avolumen
_bnc
500 _aIncluye referencias bibliográficas y notas al pie de las páginas
590 _aInventariado, 2024/ BT
700 1 _aGallardo, Joaquín,
_91077
_etraducción
700 1 _aPlaz Power, María Isabel,
_91076
_eversión
910 _aBtavárez
942 _2ddc
_cLBS1
999 _c56932
_d56932